000 00868nam a2200205Ii 4500
003 JO-AjNU
008 230605s9999||||xx |||||||||||||| ||und||
040 _aJO-AjNU
_bara
_erda
_cJO-AjNU
041 _aara
050 1 4 _aBP144.T346 1900
100 3 _aالتجكاني، محمد الحبيب,
_eauthor
_946524
245 0 0 _aالنظرية العامة للقضاء والإثبات في الشريعة الإسلامية مع مقارنات بالقانون الوضعي
264 3 1 _aبغداد: دار الشؤون الثقافية العامة، د.ت
300 _a360ص
336 _atext
_btxt
_2rdacontent
337 _aunmediated
_bn
_2rdamedia
338 _avolume
_bnc
_2rdacarrier
490 0 _aالدراسات التشريعية
650 4 _aالقضاء في الاسلام- النظم الاسلامية- الاثبات- فقه اسلامي
_946525
999 _aA20247
_c23815
_d23815